00346nam a2200133Ia 4500008004100000020001500041041001200056082001100068100002000079245005100099260004400150300000800194650001000202221030s9999 xx 000 0 und d a8122417922 aEnglish a105.23 aR. D. Begamudre 0aExtra High Voltage AC Transmission Engineering bNew Age InternationalaNew Delhic2006 a516 aBB EE